00918nam a2200253Ia 4500003000900000008004100009020002200050040001600072080001200088245017400100260002700274300001000301490004300311650002200354650002300376650001800399650003200417650002800449700004000477700003400517942000700551999001700558952008900575IN-BaIIA211028s9999 xx 000 0 eng d a978-1-4020-4838-8 cIIA Library a52bFUN 0aFundamental questions in astrophysicsbguidelines for future UV observatoriescedited by Ana I. Gomez de castro and Willem Wamsteker  aBerlinbSpringerc2006 a170p. aAstrophysics and space science; v. 303 aAstrophysics9794 aFundamental930332 aScience91299 aUltraviolet astronomy96323 aUV Observatories930333 aGomez de castro, Ana I., ed.930334 aWamsteker, Willem, ed.930335 cBK c16372d16372 00104070aBANbBANcGENd2006-12-26l0o52/ FUNp17294r2021-11-05w2006-12-26yBK